Statistics for Vigilante Shit lyrics

Click here to take the quiz!

General Stats

  • This quiz has been taken 68 times
  • The average score is 233 of 260

Answer Stats

Lyrics% Correct
a
100%
I
100%
shit,
100%
shit
100%
and
98%
And
98%
be
98%
been
98%
Don't
98%
don't
98%
dress
98%
dressin'
98%
for
98%
it
98%
I've
98%
Lately
98%
Lately,
98%
men
98%
on
98%
revenge
98%
So
98%
so
98%
The
98%
the
98%
to
98%
women,
98%
You
98%
you
98%
but
95%
I'm
95%
looks
95%
she
95%
She
95%
some
95%
weekends,
95%
your
95%
can
93%
get
93%
in
93%
kill
93%
of
93%
start
93%
cat
90%
Draw
90%
ends
90%
enough
90%
even
90%
eye
90%
friends
90%
he
90%
how
90%
man
90%
me
90%
sharp
90%
tell
90%
vigilante
90%
her
88%
my
88%
them
88%
think
88%
where
88%
worst
88%
bad
85%
did
85%
drivin'
85%
from?
85%
got
85%
might
85%
pretty
85%
she's
85%
things,
85%
try
85%
with
85%
Benz
83%
envelope,
83%
FBI
83%
gave
83%
had
83%
innocents
83%
or
83%
sad,
83%
say
83%
They
83%
ex-wife
80%
house,
80%
kids,
80%
want,
80%
again
78%
as
78%
cold,
78%
needed
78%
someone
78%
what
78%
gets
76%
know
76%
Ladies
76%
lady
76%
last
76%
thieves
76%
white
76%
crimes
73%
doin'
73%
hard
73%
lie
73%
Now
73%
thick
73%
was
73%
which
73%
wonder
73%
above
71%
collar
71%
people
71%
Picture
71%
pride
71%
proof,
71%
told
71%
always
68%
his
68%
kind
68%
mine,
68%
rise
68%
villains
68%
all
66%
crossin'
66%
lines
66%
simply
63%
Sometimes
63%
sweet
61%
fun
59%
While
54%
one'll
44%

Score Distribution

Percentile by Number Answered

Percent of People with Each Score

Your Score History

You have not taken this quiz